[Event "Let's Play Chess!"]
[Site "http://www.queenalice.com/game.php?id=1205375"]
[Date "2013.8.5"]
[Round "-"]
[White "Larissa123"]
[Black "Legacia34"]
[Result "0-1"]
[WhiteElo "2009"]
[BlackElo "1866"]

1. d4 d5 2. c4 Nf6 3. Nc3 dxc4 4. e4 Bg4 5. f3 Bh5 6. Bxc4 e6 7. Be3 Bb4 8. Qc2
O-O 9. Ne2 Nc6 10. O-O a6 11. Na4 b5 12. Bd3 bxa4 13. Qxc6 a3 14. bxa3 Bxa3 15.
Bxa6 Qd6 16. Qxd6 cxd6 17. Bd3 Bb2 18. Rab1 Rxa2 19. Bc4 Ra3 20. Rxb2 Rxe3 21.
Ng3 Bg6 22. Rfb1 h6 23. Rb8 Re1+ 24. Rxe1 Rxb8 25. e5 dxe5 26. dxe5 Nd5 27. Bxd5
exd5 0-1

[Event "Challenge"]
[Site "http://www.queenalice.com/game.php?id=1205443"]
[Date "2013.8.5"]
[Round "-"]
[White "Legacia34"]
[Black "adelio"]
[Result "1-0"]
[WhiteElo "1500"]
[BlackElo "1845"]

1. e4 e5 2. Nf3 f6 3. Bc4 c5 4. Nxe5 Qe7 5. Nf7 Qxe4+ 6. Qe2 Qxe2+ 7. Kxe2 Nc6
8. Nxh8 Nd4+ 9. Kd1 Nh6 10. d3 g5 11. h4 Be7 12. hxg5 Nhf5 13. Rxh7 b5 14. Bd5
Rb8 15. Ng6 d6 16. Nxe7 Nxe7 17. gxf6 Nef5 18. f7+ Kf8 19. Rh8+ Kg7 20. f8=Q+
Kg6 21. Qf7# 1-0

[Event "Challenge"]
[Site "http://www.queenalice.com/game.php?id=1205616"]
[Date "2013.8.6"]
[Round "-"]
[White "adelio"]
[Black "Legacia34"]
[Result "0-1"]
[WhiteElo "1818"]
[BlackElo "1748"]

1. b4 e5 2. b5 d5 3. Bb2 d4 4. e4 Nf6 5. f3 Bc5 6. a3 Nh5 7. Bc4 Qh4+ 8. g3 Nxg3
9. hxg3 Qxh1 10. Qe2 Qxg1+ 11. Qf1 Qxg3+ 12. Kd1 h5 13. c3 h4 14. cxd4 exd4 15.
d3 h3 16. Nd2 h2 17. Kc2 Bh3 18. Qe2 Bg2 19. Nf1 Bxf1 20. Rxf1 h1=Q 21. Rxh1
Rxh1 22. Kb3 Rh2 23. Qd1 Qf2 24. Qb1 Nd7 25. Bd5 c6 26. Bc4 Ne5 27. Ka2 a6 28.
bxc6 bxc6 29. Bb3 Rb8 30. a4 Nxd3 31. Bc2 Rxb2+ 32. Qxb2 Nxb2 33. Kxb2 Qxc2+ 34.
Ka1 Qa2# 0-1

[Event "Challenge"]
[Site "http://www.queenalice.com/game.php?id=1208764"]
[Date "2013.8.16"]
[Round "-"]
[White "Legacia34"]
[Black "Braimondi"]
[Result "1/2-1/2"]
[WhiteElo "2178"]
[BlackElo "2269"]

1. e4 e5 2. Bc4 Nf6 3. d3 Bc5 4. c3 c6 5. b4 Bb6 6. Nf3 d5 7. exd5 cxd5 8. Bb3
O-O 9. O-O Qc7 10. Bg5 e4 11. dxe4 dxe4 12. Bxf6 exf3 13. Bh4 fxg2 14. Re1 a5
15. bxa5 Rxa5 16. Bg3 Qc6 17. Bxb8 Bxf2+ 1/2-1/2

[Event "AUTO-MASTER-1937"]
[Site "http://www.queenalice.com/game.php?id=1212886"]
[Date "2013.8.30"]
[Round "1"]
[White "Legacia34"]
[Black "Fermats"]
[Result "1/2-1/2"]
[WhiteElo "2187"]
[BlackElo "2481"]

1. e4 c5 2. Nf3 Nc6 3. d4 cxd4 4. Nxd4 e5 5. Nb5 d6 6. N1c3 a6 7. Na3 Be6 8. Nc4
Rb8 9. Nd5 Bxd5 10. exd5 Nce7 11. g3 Qc7 12. a4 Nf6 13. Ne3 g6 14. Bg2 Bh6 15.
O-O O-O 16. a5 Nd7 17. b3 f5 18. Bb2 Bxe3 19. fxe3 Kg7 20. Rf4 Rbc8 21. Rc4 Qb8
22. Rxc8 Rxc8 23. Qe2 1/2-1/2

[Event "AUTO-MASTER-1937"]
[Site "http://www.queenalice.com/game.php?id=1212887"]
[Date "2013.8.30"]
[Round "1"]
[White "Fermats"]
[Black "Legacia34"]
[Result "0-1"]
[WhiteElo "2074"]
[BlackElo "2211"]

1. e4 c5 2. Nf3 d6 3. Bb5+ Bd7 4. Bxd7+ Qxd7 5. O-O g6 6. c3 Bg7 7. d4 Nf6 8.
Qd3 O-O 9. d5 Na6 10. Bg5 b5 11. a4 c4 12. Qe2 bxa4 13. Nd4 Nc5 14. Nd2 Rab8 15.
Rfb1 Rfc8 16. Nc6 Rb7 17. f3 e6 18. Bxf6 Bxf6 19. Nxc4 Re8 20. Qf1 Bg7 21. Rd1
Bf8 22. Qf2 exd5 23. exd5 Qf5 24. N4a5 Rc7 25. Qd2 h5 26. Re1 Rxe1+ 27. Rxe1 Qd3
28. Qxd3 Nxd3 29. Rb1 Bh6 30. g3 Bc1 31. Kf1 Bxb2 32. Ke2 Nc1+ 33. Kd2 a3 34.
Rxc1 a2 35. Rh1 a1=Q 36. Rxa1 Bxa1 37. Kc2 Kg7 38. Nb3 Bxc3 39. Kxc3 Rb7 40. f4
Kf8 41. Nca5 Rb5 42. Kc4 a6 43. Nc6 f5 44. Nb4 Rb6 45. Kc3 Kf7 46. Nc6 Rb5 47.
Ncd4 Rb7 48. Nd2 Kf6 0-1

[Event "AUTO-MASTER-1937"]
[Site "http://www.queenalice.com/game.php?id=1212888"]
[Date "2013.8.30"]
[Round "1"]
[White "Legacia34"]
[Black "Degoba"]
[Result "1-0"]
[WhiteElo "2188"]
[BlackElo "2140"]

1. e4 e5 2. Nf3 Nf6 3. Nxe5 d6 4. Nf3 Nxe4 5. d4 d5 6. Bd3 Nc6 7. O-O Bg4 8. c4
Be7 9. cxd5 Qxd5 10. Nc3 Nxc3 11. bxc3 Bxf3 12. Qxf3 Qxf3 13. gxf3 O-O 14. Rb1
Na5 15. Re1 Bf6 16. Bf4 Rfd8 17. Bxc7 Rd5 18. f4 1-0

[Event "AUTO-MASTER-1937"]
[Site "http://www.queenalice.com/game.php?id=1212889"]
[Date "2013.8.30"]
[Round "1"]
[White "Degoba"]
[Black "Legacia34"]
[Result "0-1"]
[WhiteElo "1857"]
[BlackElo "2209"]

1. e4 c5 2. Nf3 d6 3. Bb5+ Bd7 4. Bxd7+ Qxd7 5. d4 cxd4 6. Nxd4 Nf6 7. Nc3 g6 8.
O-O Bg7 9. Kh1 Nc6 10. Be3 Ng4 11. Nde2 Nxe3 12. fxe3 O-O 13. Rb1 Rac8 14. Nd5
Ne5 15. b3 e6 16. Ndf4 Qc6 17. Ng3 Qxc2 18. Qxd6 Qxa2 0-1

[Event "AUTO-MASTER-1937"]
[Site "http://www.queenalice.com/game.php?id=1212890"]
[Date "2013.8.30"]
[Round "1"]
[White "Legacia34"]
[Black "Larissa123"]
[Result "1-0"]
[WhiteElo "2236"]
[BlackElo "1935"]

1. e4 e5 2. f4 exf4 3. Nf3 d6 4. d4 g5 5. h4 g4 6. Ng1 Bh6 7. Nc3 Nf6 8. Nge2
Nc6 9. Bxf4 Bxf4 10. Nxf4 Qe7 11. Be2 h5 12. Nfd5 Nxd5 13. Nxd5 Qd8 14. Qd2 Be6
15. Bb5 a6 16. Ba4 b5 17. Bb3 a5 18. O-O Qxh4 19. Nxc7+ Kd8 20. Bxe6 Kxc7 21.
Rxf7+ Kb6 22. Qe3 g3 23. d5+ Ka6 24. dxc6 Raf8 25. Qa7# 1-0

[Event "AUTO-MASTER-1937"]
[Site "http://www.queenalice.com/game.php?id=1212891"]
[Date "2013.8.30"]
[Round "1"]
[White "Larissa123"]
[Black "Legacia34"]
[Result "0-1"]
[WhiteElo "2083"]
[BlackElo "2225"]

1. e4 c6 2. d4 d5 3. Nc3 dxe4 4. Nxe4 Bf5 5. Ng3 Bg6 6. Nf3 Nf6 7. Ne5 Nbd7 8.
Nxg6 hxg6 9. Bc4 Qc7 10. O-O e6 11. Bg5 Be7 12. Re1 O-O-O 13. c3 Nb6 14. Bb3 Bd6
15. a4 Kb8 16. a5 Nbd5 17. a6 b6 18. c4 Nb4 19. Qd2 c5 20. Bxf6 gxf6 21. d5 exd5
22. cxd5 c4 23. Rac1 b5 24. Bd1 Nd3 25. Bf3 Nxc1 26. Qxc1 Qb6 27. Qd2 Qxa6 28.
h3 f5 29. Ne2 Qb6 30. Nd4 Bc5 31. Rd1 Bxd4 32. Qf4+ Qd6 33. Qxd4 a6 34. Qg7 Rhe8
35. Ra1 Re7 0-1